- Freud, Sigmund,
Entry Nombre Personal
001 - NUMERO DE CONTROL
- campo de control: 46404
003 - IDENTIFICADOR DE NUMERO DE CONTROL
- campo de control: UPN
005 - FECHA Y HORA DE LA ÜLTIMA TRANSACCIÓN
- campo de control: 20221202102009.0
008 - DATOS DE LONGITUD FIJA
- campo de control de longitud fija: 220915|| aca||aabn | a|a d
010 ## - NÚMERO DE CONTROL DE LA BIBLIOTECA DEL CONGRESO
- Número de control LC: n 79043849
- Número de Control LC Cancelado/inválido: n 79046533
- Número de Control LC Cancelado/inválido: sh 85051960
016 ## - NÚMERO DE CONTROL DE UNA AGENCIA BIBLIOGRÁFICA NACIONAL
- Número de control del registro: 0009H4415E
035 ## - NUMERO DE CONTROL
- Número de control: (OCoLC)oca00277267
040 ## - FUENTE DE CATALOGACIÓN
- Agencia original de catalogación: DLC
- Lenguaje de catalogación: spa
- Agencia de transcripción: DLC
- Agencia que lo modifica: DLC
- Agencia que lo modifica: MdU
- Agencia que lo modifica: DLC
- Agencia que lo modifica: DLC-R
- Agencia que lo modifica: DLC
- Agencia que lo modifica: DLC-ON
- Agencia que lo modifica: SG-SiILA
- Agencia que lo modifica: DLC
- Agencia que lo modifica: OCoLC
- Agencia que lo modifica: InU
- Agencia que lo modifica: WaU
- Agencia que lo modifica: InU
- Agencia que lo modifica: PU-HC
- Agencia que lo modifica: CaOONL
- Agencia que lo modifica: DLC
- Description conventions: rda
042 ## - CÓDIGO DE AUTENTICACIÓN
- Código de autenticación: nlc
046 ## - FECHAS CON CODIFICACIÓN ESPECIAL
- Fuente del formato de fecha: edtf
- Fecha de nacimiento: 1856-05-06
- Fecha de muerte: 1939-09-23
100 1# - ENCABEZAMIENTO - NOMBRE PERSONAL
- Nombre personal: Freud, Sigmund,
- Fechas asociadas con el nombre: 1856-1939
370 ## - LUGAR ASOCIADO
- Fuente del término: naf
- Place of birth: Freiberg in Mähren (Austria)
- Place of death: London (Inglaterra)
- Associated country: Austria
372 ## - CAMPO DE ACTIVIDAD
- Fuente del término: lcsh
- Field of activity: Neurología
- Field of activity: Psicoanálisis
- Field of activity: Psicoterapia
372 ## - CAMPO DE ACTIVIDAD
- Fuente del término: mesh
- Field of activity: Terapia psicoanalítica
- Field of activity: Psicoterapia
374 ## - OCUPACIÓN
- Fuente del término: lcsh
- Occupation: Neurólogo
- Occupation: Psicoanalista
- Occupation: Psicoterapeuta
375 ## - GÉNERO
- Fuente del término: lcdgt
- Gender: masculino
377 ## - LENGUA ASOCIADA
- Language code: ger
400 1# - VEÁSE - NOMBRE DE PERSONA
- Personal name: Freĭd, Zigmund,
- Dates associated with a name: 1856-1939
400 1# - VEÁSE - NOMBRE DE PERSONA
- Personal name: Frūyd, Sijmund,
- Dates associated with a name: 1856-1939
400 1# - VEÁSE - NOMBRE DE PERSONA
- Personal name: Freud, Sigismund,
- Dates associated with a name: 1856-1939
670 ## - FUENTE EN LA QUE SE LOCALIZARON DATOS
- Cita de la fuente: En su obra: Selected papers and other psychoneuroses, 1909.
670 ## - FUENTE EN LA QUE SE LOCALIZARON DATOS
- Cita de la fuente: Harris, J. The one-eyed doctor, Sigismund Freud, c1984:
- Información localizada: portada (Sigismund Freud [in title])
670 ## - FUENTE EN LA QUE SE LOCALIZARON DATOS
- Cita de la fuente: Charcot, J.M. Neue Vorlesungen über die Krankheiten des Nervensystems ... 1886:
- Información localizada: portada (Sigm. Freud)
670 ## - FUENTE EN LA QUE SE LOCALIZARON DATOS
- Cita de la fuente: Wikipedia, June 9, 2014:
- Información localizada: (Sigmund Freud; born Sigismund Schlomo Freud; 6 May 1856-23 September 1939; Austrian neurologist who became known as the founding father of psychoanalysis; born Freiberg in Mähren, Moravia, Austrian Empire (now Příbor, Czech Republic); died London, England; nationality: Austrian; fields: Neurology, Psychotherapy, Psychoanalysis)
902 ## - CATALOGADOR
- Catalogador: NDAF/150922
